| 000 | 02760cam a22003738i 4500 | ||
|---|---|---|---|
| 001 | 22032551 | ||
| 005 | 20221227065704.0 | ||
| 008 | 210512s2022 enk b 001 0 eng | ||
| 010 | _a 2021022308 | ||
| 020 |
_a9780367636715 _q(pbk) |
||
| 040 |
_aDLC _beng _erda _cDLC |
||
| 042 | _apcc | ||
| 050 | 0 | 0 |
_aNA682.M63 _bR48 2022 |
| 082 | 0 | 0 |
_a724.6 R48 2022 _223 |
| 245 | 0 | 0 |
_aRethinking global modernism : _barchitectural historiography and the postcolonial / _cedited by Vikramaditya Prakash, Maristella Casciato, and Daniel E. Coslett. |
| 263 | _a2111 | ||
| 264 | 1 |
_aAbingdon, Oxon ; _aNew York, NY : _bRoutledge, _c[2022] |
|
| 300 |
_a372 pages, _c24cm. |
||
| 336 |
_atext _btxt _2rdacontent |
||
| 337 |
_aunmediated _bn _2rdamedia |
||
| 338 |
_avolume _bnc _2rdacarrier |
||
| 504 | _aIncludes bibliographical references and index. | ||
| 505 | 0 | _aCritiques of normative modernist narratives -- New theoretical frameworks for thinking global modernism -- Modernism and (trans)nationalism -- Rethinking agency in modernism -- Infrastructures and materials cultures of global modernism. | |
| 520 |
_a"This anthology collects recent scholarship on modernism which outlines a new decentred history of global modernism in architecture, that is informed by postcolonial theory and its contemporary derivatives such as posthumanism. By both revisiting the canons of modernism and seeking to decolonize and globalize that canon using postcolonial and other related theoretical frameworks it asks, what might a genuinely 'global' history of architectural modernism begin to look like? The chapters explore the weaknesses of normative interpretations of modernism and proposes alternatives to them. It offers essays that interrogate transnationalism in new ways, reconsiders the agency of the subaltern, and the roles played by infrastructures, materials, and global institutions in propagating a diversity of modernisms internationally. Issues such as colonial modernism, architectural pedagogy, cultural imperialism, and spirituality are covered. With essays from both established scholars and up-and-coming researchers, this is an important reference for a new understanding of this crucial topic"-- _cProvided by publisher. |
||
| 650 | 0 | _aModern movement (Architecture) | |
| 650 | 0 | _aImperialism and architecture. | |
| 700 | 1 |
_aPrakash, Vikramaditya, _eeditor. |
|
| 700 | 1 |
_aCasciato, Maristella, _eeditor. |
|
| 700 | 1 |
_aCoslett, Daniel E., _eeditor. |
|
| 776 | 0 | 8 |
_iOnline version: _tRethinking global modernism _dAbingdon, Oxon ; New York, NY : Routledge, 2022 _z9781003120209 _w(DLC) 2021022309 |
| 906 |
_a7 _bcbc _corignew _d1 _eecip _f20 _gy-gencatlg |
||
| 942 |
_2ddc _cBK-EN _n0 |
||
| 999 |
_c5728 _d5728 |
||